[Event "EU Small Countries ol 8th"]
[Site "St Helier"]
[Date "2023.11.02"]
[Round "7.1"]
[White "Wiedenkeller, Michael"]
[Black "De la Riva Aguado, Oscar"]
[Result "1/2-1/2"]
[WhiteElo "2442"]
[BlackElo "2437"]
[PlyCount "20"]
[EventDate "2023.10.29"]
[EventType "team-tourn"]
[EventRounds "9"]
[EventCountry "GCI"]
[SourceTitle "Mega2024 Update 01"]
[Source "Chessbase"]
[SourceDate "2023.11.12"]
[SourceVersion "1"]
[SourceVersionDate "2023.11.12"]
[SourceQuality "1"]
[WhiteTeam "Luxembourg"]
[BlackTeam "Andorra"]
[WhiteTeamCountry "LUX"]
[BlackTeamCountry "AND"]

1. d4 Nf6 2. Bg5 d5 3. Bxf6 gxf6 4. e3 c5 5. dxc5 e6 6. Nf3 Bxc5 7. Be2 0-0 8. 0-0 Be7 9. c4 dxc4 10. Qc2 Qc7 1/2-1/2

[Event "EU Small Countries ol 8th"]
[Site "St Helier"]
[Date "2023.11.01"]
[Round "6.1"]
[White "Ferster, Fabian"]
[Black "Wiedenkeller, Michael"]
[Result "1/2-1/2"]
[WhiteElo "2162"]
[BlackElo "2442"]
[PlyCount "120"]
[EventDate "2023.10.29"]
[EventType "team-tourn"]
[EventRounds "9"]
[EventCountry "GCI"]
[SourceTitle "Mega2024 Update 01"]
[Source "Chessbase"]
[SourceDate "2023.11.12"]
[SourceVersion "1"]
[SourceVersionDate "2023.11.12"]
[SourceQuality "1"]
[WhiteTeam "Liechtenstein"]
[BlackTeam "Luxembourg"]
[WhiteTeamCountry "LIE"]
[BlackTeamCountry "LUX"]

1. c4 e5 2. g3 c6 3. Nf3 e4 4. Nd4 d5 5. cxd5 Qxd5 6. Nc2 Nf6 7. Nc3 Qh5 8. Ne3 Bc5 9. Qa4 Bxe3 10. dxe3 Qe5 11. Bg2 Bf5 12. Qb4 Qe7 13. Qxe7+ Kxe7 14. b3 Rd8 15. Ba3+ Ke8 16. g4 Bxg4 17. Nxe4 Nxe4 18. Bxe4 g6 19. f3 Be6 20. h4 h5 21. Kf2 Nd7 22. Bc2 Rac8 23. e4 c5 24. f4 Nf6 25. Rac1 Ng4+ 26. Kf3 b6 27. Bb2 f5 28. Rhd1 Kf7 29. exf5 gxf5 30. e4 fxe4+ 31. Bxe4 Nh6 32. Ke3 Nf5+ 33. Bxf5 Bxf5 34. Be5 Ke6 35. Bc3 Rg8 36. Rg1 Rxg1 37. Rxg1 Rd8 38. Rg3 Rd1 39. Ke2 Rh1 40. Re3+ Kf7 41. Be1 Bg4+ 42. Kd3 Rh2 43. Ke4 Rxa2 44. f5 Rb2 45. Kf4 a5 46. Kg5 Re2 47. Rxe2 Bxe2 48. Bg3 b5 49. Bc7 a4 50. bxa4 bxa4 51. Bd6 c4 52. Bb4 Bg4 53. Kf4 Kf6 54. Bc3+ Kf7 55. Ke4 a3 56. Kd4 Be2 57. Kc5 a2 58. Kb4 Bd3 59. Ka3 Bxf5 60. Kxa2 Bd3 1/2-1/2

[Event "SWE-chT 2324 Elite"]
[Site "Sweden"]
[Date "2023.10.15"]
[Round "3.1"]
[White "Olofsson Dolk, Mattis"]
[Black "Wiedenkeller, Michael"]
[Result "1/2-1/2"]
[WhiteElo "2216"]
[BlackElo "2442"]
[PlyCount "112"]
[EventDate "2023.10.13"]
[EventType "team-tourn"]
[EventRounds "9"]
[EventCountry "SWE"]
[SourceTitle "Mega2024 Update 01"]
[Source "Chessbase"]
[SourceDate "2023.11.12"]
[SourceVersion "1"]
[SourceVersionDate "2023.11.12"]
[SourceQuality "1"]
[WhiteTeam "Vaxjo"]
[BlackTeam "Stockholm Rockaden"]
[WhiteTeamCountry "SWE"]
[BlackTeamCountry "SWE"]

1. e4 e5 2. Nf3 Nc6 3. Bb5 Nf6 4. d3 Bc5 5. Bxc6 dxc6 6. Nbd2 Be6 7. 0-0 Nd7 8. Nb3 Bd6 9. Ng5 Bxb3 10. axb3 Qe7 11. Nf3 0-0 12. Bg5 f6 13. Be3 Bc5 14. Nh4 Qe6 15. Kh1 g6 16. Bxc5 Nxc5 17. f4 exf4 18. Rxf4 Qe5 19. Qg4 Ne6 20. Rf2 Ng5 21. c3 Rad8 22. Nf3 Nxf3 23. Rxf3 c5 24. Raf1 Rd6 25. h4 Qe6 26. Qg3 Rd7 27. h5 Rg7 28. Qg5 Rgf7 29. Qxc5 Qxb3 30. Rg3 Rg7 31. c4 Qxb2 32. hxg6 Rxg6 33. Qxc7 Qd4 34. Rxg6+ hxg6 35. Qxb7 Qxd3 36. Qd5+ Qxd5 37. exd5 Rc8 38. Rc1 Kf7 39. Kg1 a5 40. Kf2 a4 41. Ke3 a3 42. Kd4 Ra8 43. Ra1 Ke7 44. Ra2 Kd7 45. Kc5 f5 46. g3 g5 47. Kd4 f4 48. gxf4 gxf4 49. Ke4 Kd6 50. Kxf4 Kc5 51. Ke5 Kxc4 52. d6 Kb3 53. Rh2 a2 54. Rxa2 Rxa2 55. d7 Rd2 56. Ke6 Kc4 1/2-1/2

[Event "SWE-chB"]
[Site "Helsingborg"]
[Date "2023.07.09"]
[Round "9"]
[White "Thorn, Eric"]
[Black "Wiedenkeller, Michael"]
[Result "1-0"]
[WhiteElo "2379"]
[BlackElo "2445"]
[PlyCount "61"]
[EventDate "2023.07.01"]
[EventType "tourn"]
[EventRounds "9"]
[EventCountry "SWE"]
[EventCategory "4"]
[SourceTitle "CBM 215 Extra"]
[Source "ChessBase"]
[SourceDate "2023.09.30"]
[SourceVersion "1"]
[SourceVersionDate "2023.09.30"]
[SourceQuality "1"]

1. d4 d5 2. c4 dxc4 3. Nf3 Nf6 4. e3 e6 5. Bxc4 c5 6. 0-0 a6 7. a4 Nc6 8. Qe2 cxd4 9. Rd1 Be7 10. exd4 0-0 11. Nc3 Nd5 12. Bb3 Ncb4 13. Ne5 b6 14. Nxd5 exd5 15. Bd2 Bb7 16. Qg4 Qc8 17. Qf3 Qd8 18. Rac1 a5 19. Qg3 Qd6 20. Bf4 Qe6 21. Re1 Bd6 22. Rc3 Rae8 23. Rce3 Rc8 24. h4 Nc2 25. Bxc2 Rxc2 26. Ng4 Bxf4 27. Qxf4 Qc6 28. Rg3 Qc7 29. Nf6+ Kh8 30. Rxg7 Qxf4 31. Rxh7# 1-0

[Event "SWE-chB"]
[Site "Helsingborg"]
[Date "2023.07.07"]
[Round "7"]
[White "Soderstrom, Adrian"]
[Black "Wiedenkeller, Michael"]
[Result "1/2-1/2"]
[WhiteElo "2311"]
[BlackElo "2445"]
[PlyCount "26"]
[EventDate "2023.07.01"]
[EventType "tourn"]
[EventRounds "9"]
[EventCountry "SWE"]
[EventCategory "4"]
[SourceTitle "CBM 215 Extra"]
[Source "ChessBase"]
[SourceDate "2023.09.30"]
[SourceVersion "1"]
[SourceVersionDate "2023.09.30"]
[SourceQuality "1"]

1. e4 e5 2. Nf3 Nc6 3. Bb5 Nf6 4. 0-0 Nxe4 5. d4 Nd6 6. dxe5 Nxb5 7. a4 Nbd4 8. Nxd4 d5 9. exd6 Nxd4 10. Qxd4 Qxd6 11. Qe4+ Qe6 12. Qd4 Qd6 13. Qe4+ Qe6 1/2-1/2

[Event "SWE-chB"]
[Site "Helsingborg"]
[Date "2023.07.04"]
[Round "4"]
[White "Crevatin, Leo"]
[Black "Wiedenkeller, Michael"]
[Result "1/2-1/2"]
[WhiteElo "2265"]
[BlackElo "2445"]
[PlyCount "38"]
[EventDate "2023.07.01"]
[EventType "tourn"]
[EventRounds "9"]
[EventCountry "SWE"]
[EventCategory "4"]
[SourceTitle "CBM 215 Extra"]
[Source "ChessBase"]
[SourceDate "2023.09.30"]
[SourceVersion "1"]
[SourceVersionDate "2023.09.30"]
[SourceQuality "1"]

1. d4 d5 2. c4 dxc4 3. Nf3 Nf6 4. e3 e6 5. Bxc4 c5 6. Nc3 a6 7. e4 b5 8. Bb3 c4 9. Bc2 Bb7 10. e5 Nd5 11. Ne4 h6 12. h4 Nc6 13. 0-0 Qb6 14. a4 Rd8 15. axb5 axb5 16. Be3 Be7 17. Qe2 Nxe3 18. fxe3 Nb4 19. Bb1 0-0 1/2-1/2

[Event "SWE-chB"]
[Site "Helsingborg"]
[Date "2023.07.03"]
[Round "3"]
[White "Wiedenkeller, Michael"]
[Black "Olund, Joar"]
[Result "1/2-1/2"]
[WhiteElo "2445"]
[BlackElo "2399"]
[PlyCount "63"]
[EventDate "2023.07.01"]
[EventType "tourn"]
[EventRounds "9"]
[EventCountry "SWE"]
[EventCategory "4"]
[SourceTitle "CBM 215 Extra"]
[Source "ChessBase"]
[SourceDate "2023.09.30"]
[SourceVersion "1"]
[SourceVersionDate "2023.09.30"]
[SourceQuality "1"]

1. d4 d5 2. c4 dxc4 3. e3 Nf6 4. Bxc4 e6 5. Nf3 a6 6. 0-0 c5 7. dxc5 Bxc5 8. Qxd8+ Kxd8 9. Nbd2 Ke7 10. Be2 Nc6 11. b3 h6 12. Bb2 b6 13. a3 Bb7 14. b4 Bd6 15. Nc4 Bc7 16. Nd4 b5 17. Nxc6+ Bxc6 18. Ne5 Bd5 19. f3 Bb6 20. Kf2 Bb7 21. Rac1 Nd5 22. Bd4 Bxd4 23. exd4 a5 24. Bxb5 axb4 25. axb4 Rhc8 26. Bc4 f6 27. Bxd5 Bxd5 28. Nd3 Bc4 29. Rfd1 Bxd3 30. Rxc8 Rxc8 31. Rxd3 Rc2+ 32. Kg3 1/2-1/2

[Event "BL2-West 2223"]
[Site "Germany"]
[Date "2023.03.19"]
[Round "10.2"]
[White "Wiedenkeller, Michael"]
[Black "Berelowitsch, Alexander"]
[Result "1/2-1/2"]
[WhiteElo "2430"]
[BlackElo "2497"]
[PlyCount "31"]
[EventDate "2022.10.22"]
[EventType "team-tourn"]
[EventRounds "10"]
[EventCountry "GER"]
[SourceTitle "EXT 2024"]
[Source "ChessBase"]
[SourceDate "2023.10.10"]
[SourceVersion "1"]
[SourceVersionDate "2023.10.10"]
[SourceQuality "1"]
[WhiteTeam "Koblenz"]
[BlackTeam "Duesseldorf"]
[WhiteTeamCountry "GER"]
[BlackTeamCountry "GER"]

1. d4 e6 2. e4 d5 3. exd5 exd5 4. Nf3 Nc6 5. Bb5 Bd6 6. 0-0 Nge7 7. c4 dxc4 8. Bxc4 0-0 9. h3 Bf5 10. Nc3 Qd7 11. Re1 Nb4 12. Re2 Qc6 13. Bb5 Qb6 14. Bc4 Qc6 15. Bb5 Qb6 16. Bc4 1/2-1/2

[Event "BL2-West 2223"]
[Site "Germany"]
[Date "2023.03.18"]
[Round "9.2"]
[White "Van Osch, Mees"]
[Black "Wiedenkeller, Michael"]
[Result "0-1"]
[WhiteElo "2342"]
[BlackElo "2430"]
[PlyCount "164"]
[EventDate "2022.10.22"]
[EventType "team-tourn"]
[EventRounds "10"]
[EventCountry "GER"]
[SourceTitle "EXT 2024"]
[Source "ChessBase"]
[SourceDate "2023.10.10"]
[SourceVersion "1"]
[SourceVersionDate "2023.10.10"]
[SourceQuality "1"]
[WhiteTeam "Muelheim Nord II"]
[BlackTeam "Koblenz"]
[WhiteTeamCountry "GER"]
[BlackTeamCountry "GER"]

1. e4 e5 2. Nf3 Nc6 3. Nc3 Nf6 4. Bb5 Bb4 5. 0-0 0-0 6. Bxc6 dxc6 7. d3 Nd7 8. Ne2 Re8 9. Kh1 Bd6 10. Nd2 Nf8 11. Nc4 Ne6 12. f4 exf4 13. Nxf4 Bxf4 14. Bxf4 Nxf4 15. Rxf4 Be6 16. b3 Bxc4 17. bxc4 Qd4 18. Rb1 b6 19. Qh5 Re7 20. Rbf1 Rf8 21. h3 Qd6 22. Rg4 Re5 23. Qh4 f6 24. Rf3 Rf7 25. Qf2 c5 26. c3 Qe7 27. Rgf4 Rf8 28. Rg3 Re6 29. Rfg4 Rf7 30. Qf5 Re5 31. Qf4 Kh8 32. d4 Re6 33. Qf5 cxd4 34. cxd4 c5 35. d5 Re5 36. Qc8+ Qe8 37. Qxe8+ Rxe8 38. Kg1 g5 39. Rf3 Kg7 40. h4 h6 41. hxg5 hxg5 42. Kf2 Rfe7 43. Re3 Kh6 44. Rf3 Kg6 45. Ra3 Rxe4 46. Rxe4 Rxe4 47. Rxa7 Rxc4 48. d6 Rd4 49. d7 Kf5 50. Rb7 Kg4 51. Ra7 Kf5 52. g4+ Ke6 53. Rb7 Rxd7 54. Rxb6+ Ke5 55. Rc6 Kf4 56. Rxf6+ Kxg4 57. Rc6 Rd2+ 58. Ke1 Rc2 59. a4 Kg3 60. a5 g4 61. Kd1 Rc4 62. Kd2 Kf3 63. Kd3 Rd4+ 64. Kc3 g3 65. Rf6+ Ke2 66. Rg6 Kf2 67. Rf6+ Kg2 68. a6 Ra4 69. Kb3 Ra5 70. Kc4 Kg1 71. Rg6 Kf2 72. Rf6+ Ke3 73. Re6+ Kf4 74. Rg6 Kf3 75. Rf6+ Ke4 76. Rg6 Kf4 77. Kd5 Kf3 78. Rf6+ Ke2 79. Re6+ Kd3 80. Rd6 g2 81. Ke5+ Ke3 82. Rg6 c4+ 0-1

[Event "Rilton Cup 50th"]
[Site "Stockholm"]
[Date "2022.12.30"]
[Round "4"]
[White "Olsson, William"]
[Black "Wiedenkeller, Michael"]
[Result "1-0"]
[WhiteElo "2290"]
[BlackElo "2435"]
[PlyCount "125"]
[EventDate "2022.12.27"]
[EventType "swiss"]
[EventRounds "9"]
[EventCountry "SWE"]
[SourceTitle "CBM 212 Extra"]
[Source "ChessBase"]
[SourceDate "2023.03.31"]
[SourceVersion "1"]
[SourceVersionDate "2023.03.31"]
[SourceQuality "1"]

1. c4 e5 2. g3 Nf6 3. Bg2 c6 4. Nf3 e4 5. Nd4 Qb6 6. Nb3 a5 7. d3 a4 8. N3d2 d5 9. cxd5 cxd5 10. dxe4 dxe4 11. Nxe4 Nxe4 12. Bxe4 Bb4+ 13. Nc3 0-0 14. Qc2 f5 15. Bg2 Qa6 16. 0-0 Bxc3 17. Qxc3 Be6 18. Be3 Nc6 19. Rfd1 Qxe2 20. Rd6 Qc4 21. Qa3 Bf7 22. Rd7 Qb5 23. Bf1 Qe5 24. Rxb7 Bd5 25. Rb5 Qe4 26. Rxd5 Qxd5 27. Bg2 Qe6 28. Qc5 Ne7 29. Bxa8 Rxa8 30. Rd1 Rc8 31. Qd6 Kf7 32. a3 Rc2 33. Qb4 Rc4 34. Qb5 Re4 35. Rd8 Qc6 36. Qb8 h6 37. h4 f4 38. Rf8+ Kg6 39. Rxf4 Kh7 40. Kh2 Ng6 41. Rxe4 Qxe4 42. Qb4 Qc2 43. Qc3 Qe4 44. Qd4 Qe8 45. Bd2 Qf7 46. Bc3 Ne7 47. Qe4+ Kg8 48. Kg2 Nf5 49. Kh3 Nd6 50. Qxa4 Qxf2 51. Qf4 Qc5 52. Qe5 Qc8+ 53. Kh2 Qf8 54. Qd5+ Nf7 55. a4 Qe8 56. a5 Qe2+ 57. Qg2 Qc4 58. Qd2 Qa4 59. Qd4 Qc2+ 60. Kg1 Qc1+ 61. Kf2 Qc2+ 62. Kf3 Qf5+ 63. Ke3 1-0

[Event "BL2-West 2223"]
[Site "Germany"]
[Date "2022.11.26"]
[Round "3.3"]
[White "Wiedenkeller, Michael"]
[Black "Lubbe, Melanie"]
[Result "1-0"]
[WhiteElo "2430"]
[BlackElo "2314"]
[PlyCount "81"]
[EventDate "2022.10.22"]
[EventType "team-tourn"]
[EventRounds "10"]
[EventCountry "GER"]
[SourceTitle "EXT 2024"]
[Source "ChessBase"]
[SourceDate "2023.10.10"]
[SourceVersion "1"]
[SourceVersionDate "2023.10.10"]
[SourceQuality "1"]
[WhiteTeam "Koblenz"]
[BlackTeam "Neuberg"]
[WhiteTeamCountry "GER"]
[BlackTeamCountry "GER"]

1. d4 Nf6 2. Bg5 c5 3. Bxf6 gxf6 4. d5 Qb6 5. Qc1 f5 6. c4 Bg7 7. Nc3 d6 8. e3 Nd7 9. Nf3 Nf6 10. Bd3 e5 11. Nh4 e4 12. Be2 0-0 13. 0-0 Ng4 14. g3 Qb4 15. Qc2 Ne5 16. a3 Qa5 17. Kh1 a6 18. f3 exf3 19. Nxf3 Ng4 20. Nd1 Re8 21. Bd3 Rxe3 22. Nxe3 Nxe3 23. Qe2 Nxf1 24. Qe8+ Bf8 25. Rxf1 Qc7 26. Nh4 Rb8 27. Qe2 Qe7 28. Qh5 h6 29. Nxf5 Bxf5 30. Qxf5 Bg7 31. Qh7+ Kf8 32. Bg6 f6 33. Bf5 Ke8 34. Rf4 Kd8 35. Re4 Qf8 36. Rg4 Qe8 37. Qxg7 Qe1+ 38. Kg2 Qe2+ 39. Kh3 Qf1+ 40. Kh4 Qxf5 41. Qf7 1-0

[Event "SWE-chB"]
[Site "Uppsala"]
[Date "2022.07.08"]
[Round "7"]
[White "Wiedenkeller, Michael"]
[Black "Trost, Edvin"]
[Result "1-0"]
[WhiteElo "2437"]
[BlackElo "2345"]
[PlyCount "61"]
[EventDate "2022.07.02"]
[EventType "tourn"]
[EventRounds "9"]
[EventCountry "SWE"]
[EventCategory "5"]
[SourceTitle "CBM 209 Extra"]
[Source "ChessBase"]
[SourceDate "2022.09.30"]
[SourceVersion "1"]
[SourceVersionDate "2022.09.30"]
[SourceQuality "1"]

1. d4 Nf6 2. c4 g6 3. g3 Bg7 4. Bg2 0-0 5. Nc3 d6 6. Nf3 Nc6 7. 0-0 Bd7 8. Bf4 Ng4 9. h3 e5 10. Bg5 f6 11. Bc1 Nh6 12. e4 Nf7 13. Be3 Ng5 14. Nxg5 fxg5 15. dxe5 dxe5 16. Bxg5 Qxg5 17. Qxd7 Rad8 18. Qe6+ Kh8 19. Rad1 Rd2 20. f4 Qd8 21. f5 Rxd1 22. Rxd1 Nd4 23. Qd5 Qg5 24. Kh2 h5 25. h4 Qe3 26. Rf1 g5 27. f6 Bxf6 28. Rxf6 Rxf6 29. Qd8+ Kh7 30. Qe7+ Kg6 31. Qxf6+ 1-0

[Event "SWE-chB"]
[Site "Uppsala"]
[Date "2022.07.07"]
[Round "6"]
[White "Thorn, Eric"]
[Black "Wiedenkeller, Michael"]
[Result "1/2-1/2"]
[WhiteElo "2366"]
[BlackElo "2437"]
[PlyCount "174"]
[EventDate "2022.07.02"]
[EventType "tourn"]
[EventRounds "9"]
[EventCountry "SWE"]
[EventCategory "5"]
[SourceTitle "CBM 209 Extra"]
[Source "ChessBase"]
[SourceDate "2022.09.30"]
[SourceVersion "1"]
[SourceVersionDate "2022.09.30"]
[SourceQuality "1"]

1. Nf3 d5 2. c4 e6 3. d4 Nf6 4. g3 Bb4+ 5. Bd2 a5 6. Qc2 Nc6 7. Bg2 dxc4 8. Qxc4 Qd5 9. Qxd5 exd5 10. 0-0 Bg4 11. Be3 Na7 12. Bf4 c6 13. a3 Be7 14. Nc3 0-0 15. Rfc1 Rfe8 16. Nd2 Be6 17. Nb3 b6 18. Na4 Bd8 19. Bg5 h6 20. Bxf6 Bxf6 21. e3 Rab8 22. Nd2 Bd7 23. Nc3 Nc8 24. b4 Nd6 25. bxa5 bxa5 26. Na4 Be7 27. Nc5 Bf5 28. Ncb3 a4 29. Na5 Rb2 30. Nf3 Ne4 31. Nxc6 Nxf2 32. Nxe7+ Rxe7 33. Rf1 Nh3+ 34. Kh1 Rxe3 35. Rae1 Rxe1 36. Rxe1 Rb3 37. Nh4 Be4 38. Bxe4 Nf2+ 39. Kg1 Nxe4 40. Nf5 Kf8 41. Ne3 Nc3 42. Ra1 g6 43. Kg2 Rb2+ 44. Kf3 Rxh2 45. Rc1 Nb5 46. Rc8+ Kg7 47. Nxd5 Nxd4+ 48. Ke4 Nb5 49. Ra8 Rd2 50. Nf4 Ra2 51. Ra5 Nd6+ 52. Kd5 Nf5 53. Rxa4 Nxg3 54. Ra7 Ne2 55. Ne6+ Kf6 56. Nc5 Rd2+ 57. Ke4 Nc3+ 58. Ke3 Rd5 59. Nd7+ Kg7 60. Nb6 Rd6 61. Nc4 Re6+ 62. Kd3 Nb5 63. Rd7 Ra6 64. Ne5 Rxa3+ 65. Kc4 Ra7 66. Kxb5 Rxd7 67. Nxd7 h5 68. Kc4 h4 69. Nc5 Kf6 70. Kd3 Kf5 71. Ke3 g5 72. Ne4 h3 73. Ng3+ Kg4 74. Nf1 f5 75. Kf2 Kf4 76. Ng3 g4 77. Ne2+ Ke4 78. Kg3 Ke3 79. Nf4 Kd2 80. Kf2 h2 81. Kg2 Ke3 82. Nh5 h1Q+ 83. Kxh1 Kf2 84. Nf6 g3 85. Ne4+ Kf3 86. Ng5+ Kf2 87. Ne4+ fxe4 1/2-1/2

[Event "SWE-chB"]
[Site "Uppsala"]
[Date "2022.07.05"]
[Round "4"]
[White "Furhoff, Johan"]
[Black "Wiedenkeller, Michael"]
[Result "0-1"]
[WhiteElo "2348"]
[BlackElo "2437"]
[PlyCount "66"]
[EventDate "2022.07.02"]
[EventType "tourn"]
[EventRounds "9"]
[EventCountry "SWE"]
[EventCategory "5"]
[SourceTitle "CBM 209 Extra"]
[Source "ChessBase"]
[SourceDate "2022.09.30"]
[SourceVersion "1"]
[SourceVersionDate "2022.09.30"]
[SourceQuality "1"]

1. e4 e5 2. Nf3 Nc6 3. Bc4 Bc5 4. c3 Nf6 5. d3 0-0 6. 0-0 d5 7. exd5 Nxd5 8. Re1 Bg4 9. h3 Bh5 10. Nbd2 Nb6 11. Bb5 Bd6 12. Ne4 f5 13. Ng3 Bxf3 14. Qxf3 Qd7 15. Bxc6 bxc6 16. Bd2 Rae8 17. Rad1 Nd5 18. Bc1 Qf7 19. Nf1 Qg6 20. Ne3 e4 21. dxe4 fxe4 22. Qg4 Qf7 23. Rf1 Nf4 24. Rd4 h5 25. Qd1 Qg6 26. Kh1 Nxh3 27. Rxd6 cxd6 28. gxh3 Rf3 29. Kh2 Qe6 30. Ng2 Qxh3+ 31. Kg1 Re6 32. Qb3 Kh7 33. Nf4 Rg6+ 0-1

[Event "SWE-chB"]
[Site "Uppsala"]
[Date "2022.07.04"]
[Round "3"]
[White "Wiedenkeller, Michael"]
[Black "Ernst, Thomas"]
[Result "1-0"]
[WhiteElo "2437"]
[BlackElo "2289"]
[PlyCount "53"]
[EventDate "2022.07.02"]
[EventType "tourn"]
[EventRounds "9"]
[EventCountry "SWE"]
[EventCategory "5"]
[SourceTitle "CBM 209 Extra"]
[Source "ChessBase"]
[SourceDate "2022.09.30"]
[SourceVersion "1"]
[SourceVersionDate "2022.09.30"]
[SourceQuality "1"]

1. d4 Nf6 2. Bg5 Ne4 3. Bf4 c5 4. f3 Qa5+ 5. c3 Nf6 6. d5 Qb6 7. Bc1 e6 8. e4 exd5 9. exd5 Bd6 10. Na3 0-0 11. Bd3 Re8+ 12. Ne2 Bf8 13. Nc4 Qc7 14. d6 Qc6 15. a4 b6 16. Bg5 Ba6 17. Bxf6 gxf6 18. 0-0 Kh8 19. Ng3 Bxc4 20. Bxc4 Qxd6 21. Bxf7 Qxd1 22. Raxd1 Re7 23. Bd5 Nc6 24. Be4 Rb8 25. Nf5 Re5 26. Rxd7 Ne7 27. Nd6 1-0

[Event "SWE-ch"]
[Site "Helsingborg"]
[Date "2021.07.09"]
[Round "7"]
[White "Hillarp Persson, Tiger"]
[Black "Wiedenkeller, Michael"]
[Result "1/2-1/2"]
[WhiteElo "2538"]
[BlackElo "2445"]
[PlyCount "99"]
[EventDate "2021.07.03"]
[EventType "tourn"]
[EventRounds "9"]
[EventCountry "SWE"]
[EventCategory "9"]
[SourceTitle "CBM 203 Extra"]
[Source "ChessBase"]
[SourceDate "2021.09.30"]
[SourceVersion "1"]
[SourceVersionDate "2021.09.30"]
[SourceQuality "1"]

1. d4 Nf6 2. c4 e6 3. Nc3 Bb4 4. e3 0-0 5. Nf3 d5 6. Bd2 b6 7. cxd5 exd5 8. Rc1 a6 9. Bd3 Bb7 10. Ne5 Nbd7 11. 0-0 Nxe5 12. dxe5 Bxc3 13. Bxc3 Ne4 14. Bxe4 dxe4 15. Qg4 Qe7 16. b4 Qe6 17. Qg3 Rad8 18. Bd4 Rd7 19. Rc2 Re8 20. Rfc1 Ree7 21. a4 h6 22. h3 Kh7 23. h4 Bd5 24. h5 c6 25. f4 exf3 26. gxf3 b5 27. axb5 axb5 28. Rg2 g6 29. hxg6+ fxg6 30. Rh2 Rf7 31. e4 Bc4 32. Be3 h5 33. Bg5 Rd3 34. Bf6 Rxf6 35. exf6 Qxf6 36. Rf2 Qd4 37. Qc7+ Kh6 38. Kg2 Rb3 39. Qf4+ g5 40. Qf8+ Qg7 41. Qxg7+ Kxg7 42. Rd1 Kf6 43. Rd6+ Ke5 44. Rxc6 g4 45. Rc5+ Kd4 46. Rxh5 gxf3+ 47. Rxf3 Rxb4 48. Rh4 Rb2+ 49. Kg3 Re2 50. Rf8 1/2-1/2

[Event "SWE-ch"]
[Site "Helsingborg"]
[Date "2021.07.07"]
[Round "5"]
[White "Westerberg, Jonathan"]
[Black "Wiedenkeller, Michael"]
[Result "1-0"]
[WhiteElo "2534"]
[BlackElo "2445"]
[PlyCount "116"]
[EventDate "2021.07.03"]
[EventType "tourn"]
[EventRounds "9"]
[EventCountry "SWE"]
[EventCategory "9"]
[SourceTitle "CBM 203 Extra"]
[Source "ChessBase"]
[SourceDate "2021.09.30"]
[SourceVersion "1"]
[SourceVersionDate "2021.09.30"]
[SourceQuality "1"]

1. c4 e5 2. g3 Nf6 3. Bg2 c6 4. Nf3 e4 5. Nd4 Qb6 6. Nc2 d5 7. cxd5 cxd5 8. 0-0 Be7 9. Nc3 0-0 10. d3 Nc6 11. dxe4 dxe4 12. Nd5 Nxd5 13. Qxd5 Be6 14. Qxe4 Rad8 15. Qa4 Nd4 16. Nxd4 Rxd4 17. Qc2 Rc8 18. Qb1 Qb5 19. e3 Rb4 20. b3 Bf6 21. Ba3 Bf5 22. e4 Bxa1 23. Bxb4 Qxb4 24. Qxa1 Bxe4 25. a3 Qe7 26. Re1 f5 27. b4 Qe6 28. Bxe4 fxe4 29. Qd4 Re8 30. Qxa7 b6 31. Qa4 h5 32. h4 Rc8 33. Qb5 Rc3 34. Rd1 Rc8 35. Qd5 Qxd5 36. Rxd5 Rc3 37. Rxh5 e3 38. fxe3 Rxe3 39. Kf2 Rxa3 40. Rb5 Ra6 41. Kf3 Kf7 42. Kg4 Kg6 43. h5+ Kh6 44. Rd5 b5 45. Rxb5 Rd6 46. Rb8 g6 47. hxg6 Kxg6 48. Kf4 Kf7 49. Rb7+ Ke6 50. g4 Rd4+ 51. Kg5 Rc4 52. Kh5 Kf6 53. g5+ Kf5 54. b5 Rb4 55. b6 Rb1 56. Rf7+ Ke6 57. Kg6 Rb5 58. b7 Kd5 1-0

[Event "EU Small Nations Hybrid"]
[Site "Tornelo INT"]
[Date "2021.04.24"]
[Round "8.5"]
[White "Ziska, Helgi Dam"]
[Black "Wiedenkeller, Michael"]
[Result "1/2-1/2"]
[WhiteElo "2539"]
[BlackElo "2445"]
[PlyCount "91"]
[EventDate "2021.04.17"]
[EventType "tourn"]
[EventRounds "9"]
[EventCountry "NET"]
[SourceTitle "CBM 202 Extra"]
[Source "ChessBase"]
[SourceDate "2021.07.31"]
[SourceVersion "1"]
[SourceVersionDate "2021.07.31"]
[SourceQuality "1"]

1. e4 e6 2. d4 d5 3. Nd2 c5 4. Ngf3 Nc6 5. exd5 exd5 6. Bb5 Qe7+ 7. Be2 Qc7 8. dxc5 Bxc5 9. Nb3 Be7 10. 0-0 Nf6 11. c3 0-0 12. Bg5 Be6 13. Re1 Rae8 14. Nfd4 h6 15. Bh4 Ne4 16. Bxe7 Rxe7 17. Bd3 Qb6 18. Bc2 Nf6 19. Qd2 Rfe8 20. f3 Bd7 21. Rxe7 Rxe7 22. Qf2 Ne5 23. Rd1 Nc4 24. Bd3 Re8 25. Bf1 Re7 26. Rb1 Re8 27. Nd2 Nd6 28. N4b3 Qxf2+ 29. Kxf2 Bb5 30. Nd4 Bxf1 31. Nxf1 Nc4 32. b3 Ne5 33. Rd1 Nc6 34. Ne2 Ne7 35. Ne3 Rc8 36. g4 g5 37. c4 dxc4 38. bxc4 Ng6 39. Rd6 Rc6 40. Rd8+ Kh7 41. Rb8 Rc7 42. Nc3 Nf4 43. Ke1 Rd7 44. Nf5 h5 45. gxh5 N4xh5 46. Ne4 1/2-1/2

[Event "Rilton Winners Cup"]
[Site "Chess.com INT"]
[Date "2020.12.28"]
[Round "1.2"]
[White "Yakovich, Yuri"]
[Black "Wiedenkeller, Michael"]
[Result "1-0"]
[WhiteElo "2526"]
[BlackElo "2445"]
[PlyCount "69"]
[EventDate "2020.12.27"]
[EventType "k.o. (rapid)"]
[EventRounds "4"]
[EventCountry "SWE"]
[SourceTitle "CBM 200 Extra"]
[Source "ChessBase"]
[SourceDate "2021.03.31"]
[SourceVersion "1"]
[SourceVersionDate "2021.03.31"]
[SourceQuality "1"]

1. c4 e5 2. g3 Nf6 3. Bg2 c6 4. Nf3 e4 5. Nd4 Qb6 6. Nc2 d5 7. cxd5 cxd5 8. d3 Be7 9. 0-0 0-0 10. Nc3 Rd8 11. Be3 Qa6 12. Nd4 exd3 13. Qxd3 Qxd3 14. exd3 Nc6 15. Rac1 Ne5 16. Rfd1 Neg4 17. Bf4 Bd6 18. Bxd6 Rxd6 19. Re1 h5 20. Ndb5 Rd7 21. h3 Nh6 22. Nxd5 Nxd5 23. Re8+ Kh7 24. Rexc8 Rxc8 25. Rxc8 a6 26. Nc3 Nb4 27. d4 Rxd4 28. Bxb7 Rd2 29. a3 Nc2 30. Ne4 Rd1+ 31. Kg2 Ne1+ 32. Kf1 Nd3+ 33. Ke2 Nxb2 34. Rc2 Rb1 35. Nd2 1-0